Sexualidad y derecho: elementos de sexología jurídica
Uloženo v:
| Hlavní autor: | |
|---|---|
| Médium: | Kniha |
| Jazyk: | španělština |
| Vydáno: |
Barcelona
Hispano-Europea
1976
|
| Edice: | Biblioteca Hispano Europea de Ciencias Sociales
|
| Témata: | |
| Tagy: |
Přidat tag
Žádné tagy, Buďte první, kdo vytvoří štítek k tomuto záznamu!
|
MARC
| LEADER | 00000nam a2200000 a 4500 | ||
|---|---|---|---|
| 001 | UCV2590 | ||
| 003 | CL-VaPUC | ||
| 008 | 920903e19760000SP |||||||||||||||||spa|d | ||
| 082 | 0 | 4 | |a 340 |b MUÑ |2 21 |
| 100 | |a Muñoz Sabaté, Luis |e autor |9 380719 | ||
| 245 | 1 | 0 | |a Sexualidad y derecho: elementos de sexología jurídica |
| 300 | |a 332 p | ||
| 942 | |c BK | ||
| 945 | |d 19920903 00:00:00 | ||
| 260 | |a Barcelona |b Hispano-Europea |c 1976 | ||
| 650 | 7 | |a SEXO Y DERECHO |2 CL-VaPUC |9 258024 | |
| 583 | |a last modification |c 19920903 00:00:00 |k Rodrigo Vera | ||
| 490 | 0 | |a Biblioteca Hispano Europea de Ciencias Sociales | |
| 999 | |c 210120 |d 210118 | ||
| 952 | |0 0 |1 0 |4 0 |6 340_000000000000000_MUÑ_1976 |7 0 |8 A |9 186154 |a BIBDER |b BIBDER |d 2019-11-14 |i 2536161 |l 1 |m 4 |o 340 MUÑ 1976 |p 2536161 |q 2025-12-31 |r 2020-03-13 |s 2020-03-13 |w 2019-11-14 |y BK |k DER | ||